000 00497nam a2200193Ia 4500
003 OSt
005 20220926041437.0
006 a|||||r|||| 00| 0
007 ta
008 220923b |||||||| |||| 00| 0 eng d
037 _cGeneral Book
040 _aRTL
_cRTL
_beng
041 _2eng
_aeng
082 _aX:75:(B).2.N9, P0/TD
245 0 _aSEMINAR ON POLICY MODELLING FOR INDIA .
260 _c2000
942 _hX:75:(B).2.N9, P0/TD
_cGB
_2CC
999 _c667212
_d667212